|
|
|
|
| LEADER |
00000nab a2200000 ar4500 |
| 001 |
vtls009186083 |
| 003 |
SK-MaSNL |
| 005 |
20260303054452.0 |
| 008 |
171110c2007 xo cr|p|||||||000 b|slo |
| 038 |
|
|
|a PPPK
|
| 040 |
|
|
|a PPPKCL
|b slo
|c PPPK
|e AACR2
|
| 041 |
0 |
|
|a slo
|
| 044 |
|
|
|a xo
|c SK
|
| 080 |
|
|
|a 316.422:614.2:725.511
|x (437.671)
|2 1997
|
| 080 |
|
|
|a 614.2:725.511
|x (437.671)
|2 1997
|
| 245 |
0 |
0 |
|a Modernizácia popradskej nemocnice pokračuje
|c [autor] (krl) ; foto Kristína Lumtzerová
|
| 300 |
|
|
|b Fotogr.
|
| 610 |
2 |
7 |
|a Nemocnica s poliklinikou (Poprad, Slovensko)
|2 pppkcl
|9 33848
|
| 650 |
0 |
7 |
|a zdravotníctvo
|2 snkbucl
|9 1269
|
| 650 |
0 |
7 |
|a nemocnice
|2 pppkcl
|9 3008
|
| 650 |
0 |
7 |
|a modernizácia
|2 pppkcl
|9 3613
|
| 651 |
|
7 |
|a Poprad (Slovensko)
|2 pppkcl
|9 20155
|
| 700 |
1 |
|
|a Lumtzerová, Kristína
|4 pht
|9 1031835
|
| 773 |
0 |
|
|t Poprad : noviny občanov mesta
|g Roč. XVIII, č. 83 (2007), s. 1
|
| 852 |
|
|
|a PPPK
|b KIS3GCP
|
| 999 |
|
|
|c 1723398
|d 1725328
|